1455 1298 1077 1781 1929 1750 1486 1413 1619 1791 1063 1291 1287 1460 1790 1201 1119 1308 1617 1308 1675 1565 1663 1927 1118 1330 1921 1467 1842 1111 1496 1875 1813 1813 1271 1974 1178 1107 1517 1122 1752 1818 1074 1879 1211 1547 1303 1323 1605 1545 1256 1823 1057 1275 1964 1209 1851 1387 1312 1842 1256 1232 1811 1676 1692 1291 1738 1383 1042 1369 1056 1722 1606 1833 1375 1442 1062 1192 1229 1287 1087 1869 1691 1621 1911 1741 1569 1873 1572 1093 1379 1580 1209 1314 1639 1359 1180 1552 1480 BCNSPRNW ULIB Ver.6.0+V

เปลี่ยนเป็นภาษาไทย

Change to English
 แสดงรายละเอียดบรรณานุกรม
  กลับหน้าหลัก

Brief Record : Get Marc (ISO 2709) : E-mail record : QR code < ปิดหน้าต่าง
LEADER : 00000nam 2200000uu 4500
001    13399112552
003     ULIB
008    110824s2553||||th 000 0 tha d
020    9786169017332
050  4 QH 308.2^bS111ช 2553
100 0  พงษ์รัตน์ ดำรงโรจน์วัฒนา บรรณาธิการ
245 10 ชีววิทยา 2 /^cคณาจารย์ ภาควิชาชีววิทยา มหาวิทยาลัยขอนแก่น
250    พิมพ์ครั้งที่ 2
260    กรุงเทพฯ :^bเจเอสที พับลิชชิ่ง จำกัด,^c2553
300    416 หน้า :^bภาพประกอบ ;^c27 ซม.
650  7 ชีววิทยา
650  7 วิทยาศาสตร์ชีวภาพ
945    ^p370^l0^i18523
945    ^p370^l0^i18524
945    ^p370^l0^i18525
945    ^p370^l0^i18526
995    กัณชพร
999     ^aใช้งานได้ทุกระบบ
รายการนี้ยังไม่มีแท็ก
คุณยังไม่ได้ล็อกอิน คุณสามารถมีกิจกรรมร่วมกับเว็บไซต์ได้ แต่ต้องล็อกอินก่อน ::
  ล็อกอิน

รายการสื่อสารสนเทศ

ลำดับที่ ประเภท เลขเรียก/บาร์โค้ด สถานที่ สถานะ
1. วิทยาศาสตร์การแพทย์ และสุขภาพ
วิทยาศาสตร์การแพทย์ และสุขภาพ
QH 308.2 S111ช 2553  
  Barcode: 18523
ห้องสมุดวิทยาเขตสวรรค์ประชารักษ์
►หนังสือทั่วไป
บนชั้น

รายการใกล้เคียง
    หัวเรื่อง [ชีววิทยา]
    หัวเรื่อง [วิทยาศาสตร์ชีวภาพ]

BibComment


ยังไม่เคยถูกคอมเมนท์

คอมเมนท์ทรัพยากรรายการนี้
  คอมเมนท์: ชีววิทยา 2 คณาจา..


 Copyright 2026. Bcnsprnw @Library